Guidelines for financial reporting and auditing of projects financed by the World Bank (Record no. 85540)

MARC details
000 -LEADER
fixed length control field 00483cam a2200181 4500
001 - CONTROL NUMBER
control field D10012
008 - FIXED-LENGTH DATA ELEMENTS--GENERAL INFORMATION
fixed length control field 090401t1982 xxu||||| |||| 00| 0 eng d
035 ## - SYSTEM CONTROL NUMBER
System control number (Sirsi) u363
041 ## - LANGUAGE CODE
Language code of text/sound track or separate title eng
050 ## - LIBRARY OF CONGRESS CALL NUMBER
Classification number 332.153
110 ## - MAIN ENTRY--CORPORATE NAME
Corporate name or jurisdiction name as entry element World Bank
9 (RLIN) 3112
245 ## - TITLE STATEMENT
Title Guidelines for financial reporting and auditing of projects financed by the World Bank
260 ## - PUBLICATION, DISTRIBUTION, ETC.
Place of publication, distribution, etc. Washington,D.C
Name of publisher, distributor, etc. The World Bank
Date of publication, distribution, etc. 1982
300 ## - PHYSICAL DESCRIPTION
Extent 31p. 22 x 10cm
350 ## - PRICE (NR) (BK AM CF MU VM SE) [OBSOLETE]
Price 0
942 ## - ADDED ENTRY ELEMENTS (KOHA)
Suppress in OPAC 0
948 ## - LOCAL PROCESSING INFORMATION (OCLC); SERIES PART DESIGNATOR (RLIN)
c (OCLC) 04/03/1997
Holdings
Withdrawn status Lost status Source of classification or shelving scheme Damaged status Not for loan Home library Current library Shelving location Date acquired Total Checkouts Full call number Barcode Date last seen Copy number Price effective from Koha item type
    Dewey Decimal Classification     London London Books 14/09/1999   332.153 30000432 06/08/2019 1 06/08/2019 Book